01293 a2200205 4500003000500000005001700005010001600022040000900038082001500047100002100062245009700083250001200180260003700192300003500229505050500264650003500769856010400804856008900908856009000997Nust20230901100755.0 a 90036726 cNust00a621.36,SMI1 aSmith, Warren J.10aModern optical engineering : (Include CD)bthe design of optical systems /cWarren J. Smith. a3rd ed. aNew York :bMcGraw-Hill,cc1990. axiii, 524 p. :bill. ;c24 cm. aGeneral Principles (Page-1), Image Formation (Page-21), Aberrations (Page-61), Prisms And Mirrors (Page- 91), The Eye (Page-125), Stops And Apertures (Page-141), Optical Materials And Interfaces Coatings (Page- 173), Radiometry And Photometry (Page-219), Basic Optical Devices (Page-251), Optical Computation (Page-301), Image Evaluation (Page-347), The Design Of Optical Systems: General (Page-393), The Design Of Optical Systems: Particular (Page 439), Some Forty Four More Lens Designs (Page-503). 0aTelecommunication Engineering.423Contributor biographical informationuhttp://www.loc.gov/catdir/enhancements/fy0602/90036726-b.html423Publisher descriptionuhttp://www.loc.gov/catdir/enhancements/fy0602/90036726-d.html423Table of contents onlyuhttp://www.loc.gov/catdir/enhancements/fy0602/90036726-t.html